000 00208nam a2200085Ia 4500
008 120527s9999 xx 000 0 und d
100 _aFeranisco, et al
245 _aCancer cells; growth factors?..
942 _cBK
999 _c27369
_d27369